LEADER 01156nam a2200313 i 4500 001 991002251639707536 005 20020507161810.0 008 991209s1998 uk ||| | eng 020 $a0421606606 035 $ab11630267-39ule_inst 035 $aLE02733311$9ExL 040 $aDip.to Studi Giuridici$bita 082 0 $a343.41099 084 $aC-XIII/B 100 1 $aGibbons, Thomas$0529117 245 10$aRegulating the media /$cThomas Gibbons 250 $a2. ed 260 $aLondon :$bSweet & Maxwell,$c1998 300 $axix, 326 p. ;$c22 cm. 490 0 $aModern legal studies 500 $aInclude riferimenti bibliografici e indice 650 4$aMass media$xDiritto e legislazione - Gran Bretagna 907 $a.b11630267$b01-03-17$c02-07-02 912 $a991002251639707536 945 $aLE027 C-XIII/B GIB01.01 C.1$g1$iLE027-6763$lle027$o-$pE0.00$q-$rl$s- $t0$u0$v0$w0$x0$y.i11849277$z02-07-02 945 $aLE027 343 GIB01.01 C.2$g2$i2027000013531$lle027$o-$pE0.00$q-$rl$s- $t0$u1$v3$w1$x0$y.i11849289$z02-07-02 996 $aRegulating the media$9897803 997 $aUNISALENTO 998 $ale027$b01-01-99$cm$da $e-$feng$guk $h0$i2 LEADER 01805oam 2200541 450 001 9910703822103321 005 20150804140121.0 035 $a(CKB)5470000002435513 035 $a(OCoLC)881832867 035 $a(EXLCZ)995470000002435513 100 $a20140626d1902 ua 0 101 0 $aeng 135 $aurbn||||||||| 181 $ctxt$2rdacontent 182 $cc$2rdamedia 183 $acr$2rdacarrier 200 14$aThe geological relations and distribution of platinum and associated metals /$fby James Furnam Kemp 210 1$aWashington, D.C. :$cU.S. Department of the Interior, U.S. Geological Survey,$d1902. 210 2$aWashington, D.C. :$cGovernment Printing Office. 215 $a1 online resource (95 pages, VI pages of plates) $cillustrations, maps 225 1 $aBulletin of the United States Geological Survey ;$vno. 193 225 1 $aSeries A, Economic geology, 14 300 $aTitle from title screen (viewed June 24, 2014). 320 $aIncludes bibliographical references and index. 517 3 $aPlatinum and associated metals 606 $aPlatinum 606 $aMetals 606 $aGeology, Stratigraphic 606 $aGeology, Stratigraphic$2fast 606 $aMetals$2fast 606 $aPlatinum$2fast 615 0$aPlatinum. 615 0$aMetals. 615 0$aGeology, Stratigraphic. 615 7$aGeology, Stratigraphic. 615 7$aMetals. 615 7$aPlatinum. 700 $aKemp$b James Furman$f1859-1926,$01387722 712 02$aGeological Survey (U.S.), 801 0$bCOP 801 1$bCOP 801 2$bOCLCO 801 2$bOCLCF 801 2$bGPO 906 $aBOOK 912 $a9910703822103321 996 $aThe geological relations and distribution of platinum and associated metals$93459779 997 $aUNINA